| 000 | 01374nam a2200325 a 4500 | ||
|---|---|---|---|
| 001 | BRCA_8548 | ||
| 005 | 20190320210328.0 | ||
| 008 | 150816s1675----fr-a######---#000-0#lat-# | ||
| 041 | _alat | ||
| 044 | _afr | ||
| 050 | 4 |
_aBX1970 _b.M57 _c1675 |
|
| 245 | 1 | 0 | _aMissale romarvm ex decreto sacrosancti concilii tridenti restitvm, PII V. Pont. Max. IVSSV editum, et clementis VIII primvm, nvnc denvo vrbani papae octavi avctoritate recognitvm. |
| 260 |
_aMonachii _bJoannis jaecklini _c1675 |
||
| 300 |
_a624, cxxiiij p. _bil. _c32 cm |
||
| 500 | _aFondo antiguo | ||
| 500 | _aSe encuentra en Caja Fuerte | ||
| 500 | _aP.III s/no. | ||
| 500 | _aIncluye índice | ||
| 500 | _aContiene tablas y partituras | ||
| 500 | _aCon litentia y approbatio albertvs sigismundus | ||
| 500 | _aTexto impreso a dos columnas | ||
| 500 | _aPortada impresa a dos tintas negro y rojo | ||
| 500 | _aEstampa en la tapa: eustachi Egolph., L. Baro a westernach episc dioclensis suffreganeos sumus custus | ||
| 500 | _aEstado físico: grabados de las páginas 283 y 549 rotos, guarda y portada desprendidas | ||
| 500 | _aNota de encuadernación: en piel, edición de de cantos dorados | ||
| 506 | 0 | _aFondo reservado: para su consulta es necesario credencial de usuario y carta de motivos | |
| 650 | 1 | 4 |
_aIglesia católica _eLiturgia _vtextos _921426 |
| 902 | _aLAR | ||
| 942 |
_2lcc _cB |
||
| 999 |
_c8211 _d8211 |
||